| 000 | 00691cam a22002411 4500 | ||
|---|---|---|---|
| 001 | sa 65004553 | ||
| 003 | DLC | ||
| 005 | 20260227112131.0 | ||
| 008 | 770628s1964 ii b 000 0 eng | ||
| 010 | _asa 65004553 | ||
| 035 | _a(OCoLC)3079222 | ||
| 040 |
_aDLC _cTNJ _dOCoLC _dDLC |
||
| 042 | _apremarc | ||
| 050 | 0 | 0 |
_aDS463 _b.K8 |
| 100 | 1 | _aKulkarni, V. B. | |
| 245 | 1 | 0 |
_aBritish dominion in India and after, _cby V.B. Kulkarni. |
| 250 | _a[1st ed.] | ||
| 260 |
_aBombay, _bBharatiya Vidya Bhavan, _c1964. |
||
| 300 |
_aix, 452 p. _c23 cm. |
||
| 504 | _aBibliographical footnotes. | ||
| 651 | 0 |
_aIndia _xHistory _yBritish occupation, 1765-1947. |
|
| 651 | 0 |
_aIndia _xHistory _y1947- |
|
| 999 |
_c63818 _d63818 |
||